000 00511nam a2200181Ia 4500
003 GCL
008 140319s9999 xx 000 0 ara d
040 _aGCL /
_cGCL
082 0 4 _a823.03
_bو ر
100 1 _aسامى خشبة(مترجم)
245 1 0 _aرحلة نحو البداية /
_cسامى خشبة(مترجم)
700 1 _aولسون ، كولن
300 _a488 ص
490 _aكتاب
_v0
650 0 4 _aالادب الانجليزى
650 0 4 _aالقصص الطويلة
942 _2ddc
_cBK
999 _c41920
_d41920